Представление документа в формате MARC21

Поле Инд. ПП Название Значение
Тип записи a
Библиографический уровень m
001 Контрольный номер 229d73b0-be44-4a2a-8e9a-d3e651941b6b
005 Дата корректировки 20210513141418.2
008 Кодируемые данные 041119
040 a Служба первич. каталог. НБ ТвГУ
041 0_ a Код языка текста rus
080 a Индекс УДК 882.09
a Индекс УДК 929Пушкин
084 a Индекс другой классификации/Индекс ББК Ш5(2=411.2)51-4Пушкин А.С.457
090 a Полочн. индекс 801
x Авторский знак В 49
100 1_ a Автор Виноградов Виктор Владимирович
e Роль лиц Автор
245 00 a Заглавие Стиль Пушкина
c Ответственность В. В. Виноградов
260 0_ a Место издания Москва
b Издательство Гослитиздат
c Дата издания 1941
300 a Объем 620 с.
653 0_ a Ключевые слова Писатели
a Ключевые слова Поэты
a Ключевые слова Пушкин Александр Сергеевич
a Ключевые слова Русская литература
a Ключевые слова Русские писатели
a Ключевые слова Русские поэты
a Ключевые слова Язык и стиль литературы
a Ключевые слова Язык Пушкина
a Ключевые слова История литературы
a Ключевые слова 19 в.
852 41 i Расстановочный признак Проверка 2021
901 t Тип документа m
920 a Оператор Влас
a Оператор Поля
a Оператор Суха
930 a Новая/Ретро ретро
952 c Вид литературы К рн
954 a Дата поступления на обработку 20041124
e Дата перешифровки 20210419
954 a Дата поступления на обработку 20210513